000
00351nam a2200157Ia 4500
008
221030s9999 xx 000 0 und d
041
_a
English
082
_a
105.23
_b
Ful
100
_a
S. R. Fulton
245
0
_a
Basic AC Circuits
260
_b
Howard & Wams
_a
USA
_c
1981
300
_a
1435
650
_a
EE
700
_a
J. C. Rawlins
942
_c
BK
999
_c
1003
_d
1003